Gaming Quiz

Random Gaming or Anime Quiz

DBZ Dokkan Battle: Training Locations Quiz Stats

 Plays Quiz not verified by Sporcle

Score 0/9 Timer 00:45
0 Plays Today
% Correct
Snake Way
94.4%
King's Kai Planet
91.5%
Korin's Tower
91.3%
Kami's Lookout
85.2%
Wasteland
83.8%
Hyperbolic Chamber
79.7%
Supreme Kai's Planet
76.3%
Gravity Chamber (150G)
76%
Gravity Chamber (50G)
75.3%

You're not logged in!

Compare scores with friends on all Sporcle quizzes.
Join for Free
OR
Log In

You Might Also Like...

Show Comments

Extras

Top Quizzes Today


Score Distribution

Your Account Isn't Verified!

In order to create a playlist on Sporcle, you need to verify the email address you used during registration. Go to your Sporcle Settings to finish the process.

Report this User

Report this user for behavior that violates our Community Guidelines.

Details: